| 000 | 00607nam a22001697a 4500 | ||
|---|---|---|---|
| 999 |
_c8120 _d8121 |
||
| 008 | 190712b ||||| |||| 00| 0 eng d | ||
| 020 | _a9780803283916 | ||
| 082 | _a987 NEI | ||
| 100 | _a Neihardt, John G. | ||
| 245 | _aBlack Elk speaks | ||
| 250 | _aThe complete edition. | ||
| 260 |
_aLincoln : _bUniversity of Nebraska Press, _c2014. |
||
| 300 |
_axxxviii, 369 pages : _b illustrations, maps ; _c23 cm |
||
| 500 | _aIncludes bibliographical references (pages 333-339) and index. | ||
| 650 | _aBlack Elk, 1863-1950. Oglala Indians--Biography. Oglala Indians--Religion. Lakota Indians. | ||
| 942 | _2ddc | ||